Suy nghĩ về nghệ thuật
Trình bày một số cảm nghĩ của hoạ sĩ Trần Duy về cái đẹp trong nghệ thuật, hội hoạ, văn hoá và một số truyện ngắn hay của ông
Guardado en:
| Autor principal: | |
|---|---|
| Formato: | Libro |
| Lenguaje: | Vietnamese |
| Publicado: |
H.
Nxb. Hội Nhà văn
2008
|
| Colección: | Trung tâm Văn hoá Ngôn ngữ Đông Tây
|
| Materias: | |
| Etiquetas: |
Agregar Etiqueta
Sin Etiquetas, Sea el primero en etiquetar este registro!
|
| Thư viện lưu trữ: | Mạng thư viện Đại học Đà Nẵng |
|---|
| LEADER | 01175nam a2200325 4500 | ||
|---|---|---|---|
| 001 | 000009465 | ||
| 003 | 5662 | ||
| 005 | 20111028141045.0 | ||
| 008 | 111027s2008 viesd | ||
| 020 | |c 42000 | ||
| 041 | 0 | |a vie | |
| 082 | |a 700 |b TR-D | ||
| 100 | 0 | |a Trần Duy | |
| 245 | 0 | |a Suy nghĩ về nghệ thuật |c Trần Duy | |
| 260 | |a H. |b Nxb. Hội Nhà văn |c 2008 | ||
| 300 | |a 239tr. |c 14 cm | ||
| 490 | |a Trung tâm Văn hoá Ngôn ngữ Đông Tây | ||
| 520 | |a Trình bày một số cảm nghĩ của hoạ sĩ Trần Duy về cái đẹp trong nghệ thuật, hội hoạ, văn hoá và một số truyện ngắn hay của ông | ||
| 653 | |a Nghệ thuật | ||
| 910 | |a Huỳnh Thị chi |d 27/11/2011 | ||
| OWN | |a LSP | ||
| AVA | |a UDN50 |b LSP |d 700 TR-D |e available |t Error 5001 Not defined in file expand_doc_bib_avail. |f 5 |g 0 |h N |i 0 |k 1 | ||
| 999 | |a From the UDN01 | ||
| AVA | |a UDN50 |b LSP |d 700 TR-D |e available |t Error 5001 Not defined in file expand_doc_bib_avail. |f 5 |g 0 |h N |i 0 |k 1 | ||
| TYP | |a Monograph | ||
| TYP | |a Printed language | ||
| 980 | |a Mạng thư viện Đại học Đà Nẵng | ||